Thinking, Fast and Slow
Guardado en:
| Autor principal: | |
|---|---|
| Formato: | Libro |
| Publicado: |
Penguin
|
| Etiquetas: |
Sin Etiquetas, Sea el primero en etiquetar este registro!
|
MARC
| LEADER | 00000nam a2200000Ia 4500 | ||
|---|---|---|---|
| 005 | 20260513122054.0 | ||
| 020 | |a 9780141033570 | ||
| 100 | |a Kahneman | ||
| 365 | |c Rs. | ||
| 365 | |b 20.00 | ||
| 942 | |c BK | ||
| 245 | |a Thinking, Fast and Slow | ||
| 260 | |b Penguin | ||
| 999 | |c 113 |d 113 | ||
| 952 | |0 0 |1 0 |4 0 |7 0 |a UNSW |b UNSW |d 2026-04-29 |g 899.00 |i 16669 |l 0 |p 000020 |r 2026-05-13 12:20:54 |v 899.00 |w 2026-05-13 |y BK | ||